[Event "World Blitz Championship"]
[Site "Berlin GER"]
[Date "2015.10.14"]
[EventDate "2015.10.13"]
[Round "13.55"]
[Result "1-0"]
[White "Pentala Harikrishna"]
[Black "Vidit Santosh Gujrathi"]
[WhiteElo "2737"]
[BlackElo "2651"]
[PlyCount "65"]

1. Nf3 c5 2. g3 Nc6 3. Bg2 g6 4. O-O Bg7 5. c4 d6 6. Nc3 e6
7. e3 Nge7 8. b3 O-O 9. Bb2 b6 10. d4 Bb7 11. dxc5 dxc5
12. Qe2 Nf5 13. Rad1 Qe7 14. Ne4 Nb4 15. Bxg7 Kxg7 16. Ne5
Rad8 17. a3 Nc6 18. Ng4 f6 19. Qb2 e5 20. Rxd8 Nxd8 21. Rd1
Bxe4 22. Bxe4 h5 23. Qe2 Nd6 24. Nxf6 Rxf6 25. Bd5 e4 26. Rd2
N8f7 27. f4 exf3 28. Bxf3 Ne5 29. Bg2 Ng4 30. Rd3 Rf2 31. Qd1
Nxe3 32. Qa1+ Rf6 33. Bc6 1-0

[Event "World Blitz Championship"]
[Site "Berlin GER"]
[Date "2015.10.14"]
[EventDate "2015.10.13"]
[Round "14.70"]
[Result "0-1"]
[White "Vidit Santosh Gujrathi"]
[Black "Vitaly Kunin"]
[WhiteElo "2651"]
[BlackElo "2556"]
[PlyCount "108"]

1. d4 d6 2. Nf3 Nf6 3. g3 Nbd7 4. Bg2 e5 5. c4 g6 6. O-O Bg7
7. Nc3 O-O 8. e4 Re8 9. h3 exd4 10. Nxd4 Nc5 11. Re1 a5
12. Ndb5 Bd7 13. Rb1 Bc6 14. Qc2 h6 15. Bd2 Nfd7 16. f4 Nb6
17. b3 a4 18. Be3 axb3 19. axb3 Ne6 20. Rbd1 Nd7 21. b4 h5
22. Nd5 Bxb5 23. cxb5 Rc8 24. e5 dxe5 25. f5 Nef8 26. fxg6
fxg6 27. h4 c6 28. Nb6 Rc7 29. bxc6 bxc6 30. Bxc6 Kh7 31. b5
e4 32. Kg2 Qf6 33. Rf1 Qe6 34. Nd5 Rcc8 35. Nf4 Qg4 36. Qe2
Qxe2+ 37. Nxe2 Rc7 38. Nf4 Re5 39. Nd5 Rc8 40. Bd4 Re6
41. Bxg7 Kxg7 42. Ne3 Ne5 43. Bd5 Rb6 44. Rb1 Rc5 45. Bxe4
Rcxb5 46. Rbc1 Rb2+ 47. Kh3 Ne6 48. Nc4 g5 49. g4 R6b3+
50. Bf3 hxg4+ 51. Kg3 Nxc4 52. Kxg4 Ne3+ 53. Kh5 Nxf1 54. Rc7+
Nxc7 0-1

[Event "World Blitz Championship"]
[Site "Berlin GER"]
[Date "2015.10.14"]
[EventDate "2015.10.13"]
[Round "15.75"]
[Result "0-1"]
[White "Ramil Hasangatin"]
[Black "Vidit Santosh Gujrathi"]
[WhiteElo "2509"]
[BlackElo "2651"]
[PlyCount "142"]

1. e4 e6 2. d3 d5 3. Qe2 Nf6 4. Nf3 b6 5. g3 dxe4 6. dxe4 Ba6
7. c4 Nc6 8. e5 Nd7 9. Bg2 Bb4+ 10. Bd2 Bxd2+ 11. Nbxd2 O-O
12. O-O Qe7 13. Rad1 Rad8 14. b3 Bb7 15. h4 h6 16. Rfe1 Qa3
17. Nb1 Qa5 18. Qb2 Nc5 19. Qe2 Rfe8 20. h5 Qb4 21. Nh2 Nd3
22. Rf1 Ndxe5 23. f4 Nd7 24. Ng4 Qc5+ 25. Kh2 Qxh5+ 26. Kg1
Qc5+ 27. Kh2 Nf8 28. Nc3 Qe7 29. Ne5 Nxe5 30. Bxb7 Rxd1
31. Rxd1 Ned7 32. Bc6 Rb8 33. Nd5 Qc5 34. Bxd7 Nxd7 35. Nc3
Nf6 36. Kg2 a5 37. Nb5 Qc6+ 38. Qf3 Qxf3+ 39. Kxf3 Rc8 40. Na7
Ra8 41. Nb5 c6 42. Nc3 Kf8 43. Na4 Rb8 44. Rd6 b5 45. Nc3 bxc4
46. bxc4 Rc8 47. Na4 Ke7 48. c5 Ne8 49. Rd3 Nc7 50. Rb3 Nb5
51. Nb6 Rd8 52. Ke3 Nc7 53. Nc4 Nd5+ 54. Kf3 Nb4 55. Nxa5 Rd3+
56. Rxd3 Nxd3 57. Nxc6+ Kd7 58. Nb8+ Kc7 59. Na6+ Kb7 60. Ke3
Nxf4 61. gxf4 Kxa6 62. a4 h5 63. Kf3 f6 64. Kg3 g5 65. Kf3 h4
66. Kg4 Ka5 67. Kf3 h3 68. Kg3 g4 69. Kh2 e5 70. f5 e4 71. Kg3
e3 0-1

[Event "World Blitz Championship"]
[Site "Berlin GER"]
[Date "2015.10.14"]
[EventDate "2015.10.13"]
[Round "16.66"]
[Result "1-0"]
[White "Vidit Santosh Gujrathi"]
[Black "Alexander Donchenko"]
[WhiteElo "2651"]
[BlackElo "2577"]
[PlyCount "111"]

1. d4 Nf6 2. c4 e6 3. Nf3 c5 4. Nc3 cxd4 5. Nxd4 Nc6 6. Bf4
Nxd4 7. Qxd4 d6 8. O-O-O Be7 9. Bxd6 O-O 10. Bxe7 Qxe7 11. Qd6
Qe8 12. e4 Ng4 13. Qg3 e5 14. Nd5 Qa4 15. h3 Nh6 16. Nc3 Qb4
17. Qxe5 Be6 18. Qb5 Qe7 19. Be2 a6 20. Qe5 Rac8 21. Rd4 f6
22. Qg3 Nf7 23. Rhd1 b5 24. cxb5 axb5 25. Bxb5 Qa7 26. a4 Bb3
27. R1d2 Ne5 28. f4 Ng6 29. Kb1 Qc5 30. Qf2 Bf7 31. g3 Ne5
32. Rd6 Qb4 33. fxe5 fxe5 34. Qe3 Bc4 35. Bxc4+ Rxc4 36. Rd1
Rcc8 37. R6d5 h6 38. Rb5 Qe7 39. Nd5 Qf7 40. Qb3 Kh8 41. a5
Qf2 42. a6 Rc6 43. Ra5 Ra8 44. Nc3 Rcxa6 45. Rxa6 Rxa6
46. Rd8+ Kh7 47. Rd1 Rb6 48. Qc2 Qxg3 49. Qd3 Qf2 50. Rd2 Qg1+
51. Nd1 Rb4 52. Qe3 Qg6 53. Nc3 Qf7 54. Qg3 Qf1+ 55. Rd1 Qf6
56. Nd5 1-0

[Event "World Blitz Championship"]
[Site "Berlin GER"]
[Date "2015.10.14"]
[EventDate "2015.10.13"]
[Round "17.57"]
[Result "1/2-1/2"]
[White "Dennes Abel"]
[Black "Vidit Santosh Gujrathi"]
[WhiteElo "2441"]
[BlackElo "2651"]
[PlyCount "89"]

1. d4 Nf6 2. c4 g6 3. Nc3 d5 4. Bg5 Bg7 5. Bxf6 Bxf6 6. cxd5
c5 7. dxc6 Bxd4 8. cxb7 Bxb7 9. Rc1 O-O 10. e3 Bf6 11. Qxd8
Rxd8 12. Nf3 Nd7 13. Be2 Rab8 14. Na4 Bxf3 15. Bxf3 Bxb2
16. Nxb2 Rxb2 17. Rd1 Rbb8 18. O-O Ne5 19. Bd5 e6 20. Bb3 Nd3
21. h3 Kf8 22. Rd2 Ke7 23. Rfd1 Nc5 24. Rxd8 Rxd8 25. Rc1 Kd6
26. Rc2 Rb8 27. Bc4 Rb1+ 28. Kh2 a5 29. g4 g5 30. Kg2 h6
31. Kf3 a4 32. Rd2+ Kc7 33. Rc2 Kc6 34. Bd3 Rh1 35. Kg2 Rd1
36. Be2 Rd6 37. Bf3+ Kb6 38. Rb2+ Ka6 39. Be2+ Ka7 40. Rb5 Rc6
41. Bf3 Rc7 42. Kf1 Ka6 43. Be2 Ka7 44. Ke1 Nb7 45. Bd1
1/2-1/2

[Event "World Blitz Championship"]
[Site "Berlin GER"]
[Date "2015.10.14"]
[EventDate "2015.10.13"]
[Round "18.61"]
[Result "1-0"]
[White "Vidit Santosh Gujrathi"]
[Black "Rainer Polzin"]
[WhiteElo "2651"]
[BlackElo "2416"]
[PlyCount "95"]

1. d4 Nf6 2. c4 g6 3. Nc3 Bg7 4. e4 d6 5. f3 O-O 6. Be3 c5
7. Nge2 Qa5 8. Nc1 cxd4 9. Nb3 Qh5 10. Nxd4 Nc6 11. Be2 Nxd4
12. Bxd4 Be6 13. O-O Rfc8 14. b3 Nd7 15. Bxg7 Kxg7 16. f4 Qc5+
17. Kh1 Nf6 18. Bf3 Rab8 19. Qe1 a6 20. e5 dxe5 21. fxe5 Nd7
22. Bd5 Bxd5 23. Nxd5 e6 24. Nf6 Nxe5 25. Qh4 h5 26. Qg5 Ng4
27. Qxc5 Rxc5 28. Nd7 Rbc8 29. Nxc5 Rxc5 30. a4 Kf8 31. Kg1
Ke7 32. Rfd1 f5 33. Rd2 Nf6 34. Rad1 Rc8 35. Rd6 g5 36. Rb6
Rc7 37. Rdd6 Nd7 38. Rxe6+ Kf7 39. Rbd6 b5 40. cxb5 axb5
41. Rc6 Ra7 42. axb5 Ra1+ 43. Kf2 Rb1 44. Red6 Ne5 45. Rc7+
Ke8 46. b6 Rb2+ 47. Ke1 Rxb3 48. Re6+ 1-0

[Event "World Blitz Championship"]
[Site "Berlin GER"]
[Date "2015.10.14"]
[EventDate "2015.10.13"]
[Round "19.46"]
[Result "0-1"]
[White "Vladimir Eduardovich Akopian"]
[Black "Vidit Santosh Gujrathi"]
[WhiteElo "2648"]
[BlackElo "2651"]
[PlyCount "156"]

1. Nf3 Nf6 2. g3 d5 3. Bg2 g6 4. b4 Bg7 5. Bb2 O-O 6. O-O c6
7. a3 a5 8. d3 axb4 9. axb4 Rxa1 10. Bxa1 Na6 11. c3 Re8
12. Nbd2 e5 13. e4 Nc7 14. Bb2 Bg4 15. Qc2 Qd7 16. Ra1 Bh3
17. exd5 Nfxd5 18. Re1 Bxg2 19. Kxg2 Ne6 20. Kh1 f6 21. Ne4
Rd8 22. Kg1 Nef4 23. Bc1 Qg4 24. Nh4 Nh3+ 25. Kf1 g5 26. Ng2
b6 27. Qe2 Qf5 28. Ne3 Nxe3+ 29. Bxe3 b5 30. g4 Qd7 31. Kg2
Nf4+ 32. Bxf4 gxf4 33. Rd1 Kh8 34. Qf3 f5 35. gxf5 Qxf5
36. Kh1 Bf8 37. Rg1 Be7 38. Qg2 Qf7 39. Qh3 f3 40. Qf1 Qd5
41. Ng5 Bxg5 42. Rxg5 Qxd3 43. Qe1 Qd1 44. Rxe5 Qxe1+ 45. Rxe1
Rd2 46. Kg1 Rc2 47. h4 Rxc3 48. h5 Kg7 49. Kh2 Kh6 50. Re5 Rc4
51. Kg3 Rxb4 52. Re6+ Kxh5 53. Rxc6 Rc4 54. Rb6 b4 55. Kxf3
Kg5 56. Rb5+ Kh4 57. Ke3 h5 58. Kd3 Rf4 59. Ke3 Kg4 60. Rb8
Rf3+ 61. Ke2 Rb3 62. f3+ Kh3 63. Kf2 h4 64. Rb7 Rb2+ 65. Ke3
b3 66. f4 Rb1 67. Kd2 b2 68. Kc2 Rf1 69. Kxb2 Rxf4 70. Kc3 Kg3
71. Kd3 h3 72. Ke2 h2 73. Rh7 Rg4 74. Kf1 Rf4+ 75. Ke2 Kg2
76. Rg7+ Kh3 77. Ke3 Rg4 78. Rh7+ Kg2 0-1

[Event "World Blitz Championship"]
[Site "Berlin GER"]
[Date "2015.10.14"]
[EventDate "2015.10.13"]
[Round "20.41"]
[Result "0-1"]
[White "Vidit Santosh Gujrathi"]
[Black "Rinat Jumabayev"]
[WhiteElo "2651"]
[BlackElo "2606"]
[PlyCount "80"]

1. d4 d6 2. Nf3 g6 3. c4 Bg7 4. g3 Nd7 5. Bg2 e5 6. Nc3 Ne7
7. O-O O-O 8. e4 exd4 9. Nxd4 Nc6 10. Be3 Nde5 11. Nxc6 bxc6
12. b3 Bg4 13. Qd2 Nf3+ 14. Bxf3 Bxf3 15. Qd3 Qf6 16. Rac1 Bg4
17. f4 Rfe8 18. Rfe1 h5 19. Kg2 Qe6 20. Bd4 Bh3+ 21. Kf2 Bh6
22. e5 d5 23. cxd5 cxd5 24. Nb5 Qa6 25. Red1 Bf5 26. Qf1 Qxa2+
27. Kg1 Rac8 28. Nxc7 Red8 29. Rc3 Qa5 30. Rdc1 Bf8 31. Qb5
Qa2 32. Nxd5 Rxc3 33. Bxc3 Bh3 34. Ne3 Qa3 35. Re1 Bc5 36. Qe2
Bb6 37. e6 Bxe6 38. Qc2 Qxb3 39. Qxb3 Bxb3 40. Kf1 Rd3 0-1

[Event "Chess Olympiad"]
[Site "Baku AZE"]
[Date "2016.09.12"]
[EventDate "2016.09.02"]
[Round "10.3"]
[Result "1/2-1/2"]
[White "Vidit Santosh Gujrathi"]
[Black "Ian Nepomniachtchi"]
[WhiteElo "2669"]
[BlackElo "2740"]
[PlyCount "75"]

1. Nf3 Nf6 2. c4 c5 3. Nc3 d5 4. cxd5 Nxd5 5. e3 Nxc3 6. dxc3
Qxd1+ 7. Kxd1 Nc6 8. e4 b6 9. Kc2 Bb7 10. Bf4 f6 11. Rd1 e5
12. Bc1 Na5 13. Bb5+ Kf7 14. Rhe1 a6 15. Bc4+ Nxc4 16. Rd7+
Be7 17. Rxb7 Rhb8 18. Rxb8 Rxb8 19. b3 Nd6 20. Nd2 b5 21. f3
Ke6 22. Nf1 g6 23. Ne3 f5 24. exf5+ gxf5 25. g4 h5 26. gxh5
Rh8 27. Ng2 Kf6 28. Ne3 Ke6 29. Ng2 Kf6 30. c4 Rxh5 31. Bb2
Kf7 32. Bxe5 bxc4 33. h4 cxb3+ 34. axb3 Nb5 35. Kd3 Rh6
36. Ne3 Bxh4 37. Nxf5 Bxe1 38. Ke4 1/2-1/2

[Event "54th ch-IND Premier"]
[Site "Lucknow IND"]
[Date "2016.11.17"]
[EventDate "2016.11.17"]
[Round "1.5"]
[Result "1-0"]
[White "Vidit Santosh Gujrathi"]
[Black "Jha Sriram"]
[WhiteElo "2689"]
[BlackElo "2426"]
[PlyCount "47"]

1. d4 d5 2. c4 dxc4 3. Nf3 a6 4. e3 Bg4 5. Bxc4 e6 6. h3 Bh5
7. O-O Nc6 8. Nc3 Nf6 9. Re1 Bd6 10. g4 Bg6 11. e4 e5 12. dxe5
Bxe5 13. Nxe5 Nxe5 14. Be2 Qxd1 15. Rxd1 h6 16. f4 Ned7 17. f5
Bh7 18. Bf4 O-O-O 19. e5 Ng8 20. Nd5 c6 21. e6 fxe6 22. fxe6
b5 23. exd7+ Kb7 24. Nc7 1-0

[Event "54th ch-IND Premier"]
[Site "Lucknow IND"]
[Date "2016.11.18"]
[EventDate "2016.11.17"]
[Round "2.4"]
[Result "1-0"]
[White "Murali Karthikeyan"]
[Black "Vidit Santosh Gujrathi"]
[WhiteElo "2530"]
[BlackElo "2689"]
[PlyCount "76"]

1. e4 c5 2. Nf3 d6 3. Nc3 a6 4. d4 cxd4 5. Nxd4 Nf6 6. Qf3 g6
7. h3 Bg7 8. Be3 Nc6 9. g4 Bd7 10. O-O-O Rc8 11. Nd5 Nxd5
12. exd5 Nb4 13. a3 Qa5 14. axb4 Qa1+ 15. Kd2 Qxb2 16. Qe4 f5
17. gxf5 Qxb4+ 18. Ke2 Bxf5 19. Qh4 Bxc2 20. Rd2 O-O 21. Qg4
Ba4 22. f3 Rc3 23. Ne6 Rxe3+ 24. Kxe3 Bh6+ 25. f4 Rf5 26. Rd4
Qc3+ 27. Bd3 Bd7 28. Rc4 Re5+ 29. Kf2 Qd2+ 30. Be2 Qe3+
31. Kg2 Bxe6 32. dxe6 Qxe2+ 33. Qxe2 Rxe2+ 34. Kf3 Rxe6
35. Rc7 b5 36. Ra1 d5 37. Ra7 Re4 38. R1xa6 Bxf4 1-0

[Event "54th ch-IND Premier"]
[Site "Lucknow IND"]
[Date "2016.11.19"]
[EventDate "2016.11.17"]
[Round "3.4"]
[Result "1/2-1/2"]
[White "Vidit Santosh Gujrathi"]
[Black "Baskaran Adhiban"]
[WhiteElo "2689"]
[BlackElo "2666"]
[PlyCount "50"]

1. Nf3 Nf6 2. g3 g6 3. d4 Bg7 4. Bg2 O-O 5. O-O d5 6. c4 c6
7. b3 dxc4 8. bxc4 c5 9. Bb2 cxd4 10. Nxd4 Nc6 11. Nxc6 bxc6
12. Nd2 Qc7 13. Qa4 Rb8 14. Nb3 Bg4 15. Bxc6 Rfc8 16. Bg2 Bxe2
17. Rfe1 Bxc4 18. Be5 Qd7 19. Qxd7 Nxd7 20. Bxb8 Bxa1 21. Bxa7
Bb2 22. Bd4 Bxd4 23. Nxd4 Bxa2 24. Nc6 Kf8 25. Nxe7 Rb8
1/2-1/2

[Event "54th ch-IND Premier"]
[Site "Lucknow IND"]
[Date "2016.11.21"]
[EventDate "2016.11.17"]
[Round "5.3"]
[Result "1-0"]
[White "Vidit Santosh Gujrathi"]
[Black "Kelkar Abhishek"]
[WhiteElo "2689"]
[BlackElo "2389"]
[PlyCount "73"]

1. d4 d5 2. c4 c6 3. Nf3 Nf6 4. e3 Bg4 5. h3 Bh5 6. cxd5 cxd5
7. g4 Bg6 8. Nc3 e6 9. Qb3 Qb6 10. Ne5 Nfd7 11. Qxb6 axb6
12. Bb5 Bb4 13. Bd2 Kd8 14. Nxd7 Nxd7 15. Na4 Bxd2+ 16. Kxd2
Nf6 17. f3 Ra5 18. Nc3 Ne8 19. Bxe8 Rxe8 20. h4 h6 21. h5 Bh7
22. Rhg1 f6 23. Rac1 Re7 24. f4 Bg8 25. g5 Bf7 26. gxf6 gxf6
27. Rg3 Ra8 28. f5 e5 29. Rg6 Bxg6 30. hxg6 exd4 31. Nxd5
dxe3+ 32. Ke2 Rxa2 33. Rc8+ Kxc8 34. Nxe7+ Kd7 35. g7 Rxb2+
36. Kxe3 Rg2 37. Ng6 1-0

[Event "54th ch-IND Premier"]
[Site "Lucknow IND"]
[Date "2016.11.22"]
[EventDate "2016.11.17"]
[Round "6.6"]
[Result "1/2-1/2"]
[White "S Nitin"]
[Black "Vidit Santosh Gujrathi"]
[WhiteElo "2415"]
[BlackElo "2689"]
[PlyCount "139"]

1. e4 c5 2. Nf3 d6 3. d4 cxd4 4. Nxd4 Nf6 5. Nc3 a6 6. Be3 e5
7. Nb3 Be6 8. Qd2 Nbd7 9. O-O-O Be7 10. f4 Ng4 11. g3 Nxe3
12. Qxe3 b5 13. Kb1 Qb6 14. Qf3 b4 15. Na4 Qc7 16. f5 Bc4
17. Bxc4 Qxc4 18. f6 gxf6 19. Nd2 Qb5 20. b3 Rc8 21. Nf1 f5
22. Qxf5 Qe2 23. Nd2 Rc6 24. Nc4 Rg8 25. Rhf1 Rg7 26. h3 Nf6
27. Nxd6+ Kf8 28. Nc4 Rxg3 29. Nab6 Qxe4 30. Nd7+ Kg7 31. Qf2
Qf4 32. Qa7 Qg5 33. Ndxe5 Re6 34. Qd4 Rg2 35. Rg1 Kf8 36. Qa7
Rxg1 37. Rxg1 Rxe5 38. Rxg5 Rxg5 39. Ne5 a5 40. h4 Rf5 41. c4
bxc3 42. Kc2 h5 43. a3 Ng4 44. Qa8+ Kg7 45. Nxg4 hxg4 46. Qe4
Rf2+ 47. Kxc3 Bxa3 48. Qxg4+ Kf8 49. h5 Bc1 50. Qc8+ Kg7
51. Qc5 Rg2 52. Qe5+ Kg8 53. Kd3 Rd2+ 54. Kc4 Rc2+ 55. Kb5 Rg2
56. Ka6 Bd2 57. Qd5 Re2 58. Qd8+ Kg7 59. Qd4+ Kf8 60. Kb5 Rg2
61. h6 Kg8 62. Qd8+ Kh7 63. Qd3+ Kg8 64. h7+ Kh8 65. Qe4 Rg7
66. Qd4 Bb4 67. Qd8+ Kxh7 68. Qh4+ Kg8 69. Qd8+ Kh7 70. Qh4+
1/2-1/2

[Event "54th ch-IND Premier"]
[Site "Lucknow IND"]
[Date "2016.11.24"]
[EventDate "2016.11.17"]
[Round "7.2"]
[Result "1-0"]
[White "Vidit Santosh Gujrathi"]
[Black "Dhulipalla Bala Chandra Prasad"]
[WhiteElo "2689"]
[BlackElo "2316"]
[PlyCount "75"]

1. e4 e5 2. Nf3 Nc6 3. Bb5 a6 4. Ba4 Nf6 5. O-O Be7 6. d3 d6
7. c3 O-O 8. Nbd2 b5 9. Bc2 d5 10. Re1 dxe4 11. dxe4 Be6
12. Qe2 Nh5 13. g3 Nf6 14. Rd1 Qb8 15. Nf1 Bc5 16. Be3 Bd6
17. Nh4 Re8 18. Nf5 Bf8 19. Qf3 Nd7 20. Bb3 Nc5 21. Bxc5 Bxc5
22. Qg4 g6 23. Qg5 Qc8 24. N1e3 Bxe3 25. Nxe3 Bxb3 26. axb3
Re6 27. Ng4 Kg7 28. Rd3 h5 29. Ne3 Kg8 30. Rad1 Qe8 31. Nd5
Qd8 32. Qxd8+ Rxd8 33. Nxc7 Rxd3 34. Rxd3 Re7 35. Nxa6 Ra7
36. Nc5 Ra2 37. Rd6 Ne7 38. Nd3 1-0

[Event "54th ch-IND Premier"]
[Site "Lucknow IND"]
[Date "2016.11.25"]
[EventDate "2016.11.17"]
[Round "8.7"]
[Result "1/2-1/2"]
[White "Tejas Bakre"]
[Black "Vidit Santosh Gujrathi"]
[WhiteElo "2450"]
[BlackElo "2689"]
[PlyCount "49"]

1. d4 Nf6 2. Nf3 d5 3. e3 Bf5 4. Bd3 e6 5. O-O Nbd7 6. c4 dxc4
7. Bxf5 exf5 8. Qc2 g6 9. a4 Bd6 10. Nbd2 O-O 11. Nxc4 Nb6
12. Bd2 Qe7 13. Nxd6 cxd6 14. Rfc1 Rfc8 15. Qb3 Qd7 16. a5
Nbd5 17. Ne1 a6 18. Nd3 h5 19. Rxc8+ Rxc8 20. Rc1 Re8 21. Re1
Qc6 22. Rc1 Qd7 23. Re1 Qc6 24. Rc1 Qd7 25. Re1 1/2-1/2

[Event "54th ch-IND Premier"]
[Site "Lucknow IND"]
[Date "2016.11.27"]
[EventDate "2016.11.17"]
[Round "10.7"]
[Result "1-0"]
[White "Vidit Santosh Gujrathi"]
[Black "Rajaram R Laxman"]
[WhiteElo "2689"]
[BlackElo "2387"]
[PlyCount "64"]

1. d4 Nf6 2. c4 e6 3. Nc3 Bb4 4. f3 d5 5. a3 Be7 6. e4 dxe4
7. fxe4 e5 8. d5 Bc5 9. Bg5 h6 10. Bh4 O-O 11. Qc2 a5 12. Nf3
Re8 13. h3 Bd4 14. Bd3 Nbd7 15. O-O-O c6 16. Rhe1 c5 17. Nb5
a4 18. g4 b6 19. Nd6 Rf8 20. g5 hxg5 21. Bxg5 Qc7 22. Nf5 g6
23. d6 Qb8 24. Qd2 Nh5 25. Be7 Nf4 26. N5xd4 Nxd3+ 27. Qxd3
cxd4 28. Qd2 Kg7 29. Bxf8+ Kxf8 30. Qh6+ Kg8 31. Ng5 Nf8
32. Nxf7 Be6 1-0

[Event "54th ch-IND Premier"]
[Site "Lucknow IND"]
[Date "2016.11.28"]
[EventDate "2016.11.17"]
[Round "11.2"]
[Result "1/2-1/2"]
[White "Abhijit Kunte"]
[Black "Vidit Santosh Gujrathi"]
[WhiteElo "2494"]
[BlackElo "2689"]
[PlyCount "88"]

1. Nf3 d5 2. d4 Nf6 3. c4 c6 4. cxd5 cxd5 5. Nc3 Nc6 6. Bf4
Bf5 7. e3 e6 8. Bd3 Bxd3 9. Qxd3 Bb4 10. O-O O-O 11. Rfc1 Qa5
12. Ne2 Rfc8 13. a3 Bf8 14. Ne5 Nxe5 15. Bxe5 Ne4 16. Rc2 b5
17. f3 Rxc2 18. Qxc2 Qd2 19. Qxd2 Nxd2 20. Nc3 a6 21. Bg3 Rc8
22. Be1 Nc4 23. Nd1 Nd6 24. Bc3 Rc4 25. Rc1 f6 26. b3 Rc6
27. Bd2 Rxc1 28. Bxc1 Nb7 29. b4 Kf7 30. Kf2 Nd6 31. Nc3 Ke8
32. Ke2 Kd7 33. Kd3 Nc4 34. e4 Kc6 35. g4 g6 36. h3 Bd6
37. Ne2 Bc7 38. exd5+ exd5 39. Kc3 Kd7 40. Kb3 Ke6 41. a4 Kd7
42. axb5 axb5 43. Kc3 Bd6 44. Bf4 Be7 1/2-1/2

[Event "54th ch-IND Premier"]
[Site "Lucknow IND"]
[Date "2016.11.29"]
[EventDate "2016.11.17"]
[Round "12.6"]
[Result "0-1"]
[White "Vidit Santosh Gujrathi"]
[Black "Chithambaram V R Aravindh"]
[WhiteElo "2689"]
[BlackElo "2565"]
[PlyCount "74"]

1. e4 c5 2. Nf3 d6 3. d4 cxd4 4. Nxd4 Nf6 5. Nc3 a6 6. Be3 e5
7. Nb3 Be6 8. f3 Nbd7 9. Qd2 b5 10. a4 b4 11. Nd5 Bxd5
12. exd5 Nb6 13. Bxb6 Qxb6 14. a5 Qb7 15. Bc4 g6 16. Ra4 Rb8
17. Nc1 h5 18. Na2 Bh6 19. Qe2 O-O 20. Nxb4 e4 21. O-O exf3
22. gxf3 Rfe8 23. Qd1 Qc8 24. Nc6 Rxb2 25. Kg2 Qf5 26. Nd4
Qg5+ 27. Kh1 Qh4 28. Ne2 Ne4 29. Bb3 Nf2+ 30. Kg1 Nxd1
31. Rxh4 Ne3 32. Nc3 Nxf1 33. Kxf1 Re3 34. Rc4 Bg7 35. Ne4
Rxf3+ 36. Kg1 Be5 37. Rc6 h4 0-1

[Event "54th ch-IND Premier"]
[Site "Lucknow IND"]
[Date "2016.11.30"]
[EventDate "2016.11.17"]
[Round "13.3"]
[Result "0-1"]
[White "Teja S Ravi"]
[Black "Vidit Santosh Gujrathi"]
[WhiteElo "2384"]
[BlackElo "2689"]
[PlyCount "48"]

1. d4 Nf6 2. c4 c5 3. d5 b5 4. cxb5 a6 5. e3 g6 6. Nc3 Bg7
7. d6 O-O 8. Bc4 axb5 9. Bxb5 Bb7 10. f3 Ne8 11. dxe7 Qxe7
12. Nd5 Bxd5 13. Qxd5 Nc7 14. Qb3 d5 15. Be2 Nc6 16. Nh3 c4
17. Qc2 Nb4 18. Qd2 Nb5 19. Qd1 Nc3 20. bxc3 Bxc3+ 21. Bd2
Bxa1 22. O-O c3 23. Qxa1 cxd2 24. Qc3 Rfc8 0-1

[Event "World Blitz Championship"]
[Site "Doha QAT"]
[Date "2016.12.29"]
[EventDate "2016.12.29"]
[Round "1.19"]
[Result "0-1"]
[White "Vladimir Onischuk"]
[Black "Vidit Santosh Gujrathi"]
[WhiteElo "2601"]
[BlackElo "2689"]
[PlyCount "93"]

1. e4 c6 2. d4 d5 3. e5 Bf5 4. h4 h5 5. Bd3 Bxd3 6. Qxd3 Qa5+
7. Nd2 e6 8. Ne2 Qa6 9. c4 Ne7 10. b3 Nf5 11. Nf3 Bb4+ 12. Kf1
Nd7 13. g3 Nb6 14. Qc2 dxc4 15. Rb1 cxb3 16. axb3 Nd5 17. Kg2
O-O-O 18. Bg5 f6 19. Bf4 Qb6 20. Rhd1 Rd7 21. Qe4 Re8 22. Rbc1
Ba3 23. Ra1 Bb4 24. Rac1 a6 25. Rc4 Bf8 26. Rb1 Qb5 27. Rc2
Nb4 28. Rc4 Qd5 29. Nc3 Qxe4 30. Nxe4 Nd5 31. Bd2 Red8 32. Ba5
Re8 33. Bd2 Be7 34. Kf1 Kb8 35. Ke2 Nb6 36. exf6 gxf6 37. Rc2
Nxd4+ 38. Nxd4 Rxd4 39. f3 Rd7 40. g4 hxg4 41. fxg4 f5 42. Ng5
fxg4 43. h5 Rd5 44. Bf4+ Kc8 45. Ne4 Rxh5 46. Rg1 Nd5 47. Bg3
0-1

[Event "World Blitz Championship"]
[Site "Doha QAT"]
[Date "2016.12.29"]
[EventDate "2016.12.29"]
[Round "2.17"]
[Result "1-0"]
[White "Vidit Santosh Gujrathi"]
[Black "Alexander Moiseenko"]
[WhiteElo "2689"]
[BlackElo "2657"]
[PlyCount "121"]

1. d4 Nf6 2. c4 e6 3. Nf3 Bb4+ 4. Bd2 c5 5. Bxb4 cxb4 6. g3
O-O 7. Bg2 d6 8. O-O a5 9. a3 Na6 10. Nbd2 Qc7 11. Rc1 b6
12. Ne1 Bb7 13. Qb3 e5 14. Nc2 Bxg2 15. Kxg2 bxa3 16. bxa3
Rfe8 17. Rfd1 h5 18. h3 Rab8 19. Nf1 Qb7+ 20. Kg1 Ne4 21. Qf3
h4 22. g4 Ng5 23. Qxb7 Rxb7 24. Kg2 Ne6 25. e3 Rc8 26. Nd2 b5
27. Ne4 Rd8 28. dxe5 dxe5 29. Rxd8+ Nxd8 30. Rd1 Ne6 31. Nd6
Rd7 32. cxb5 Nac5 33. Rd2 Kf8 34. Nc4 Rxd2 35. Nxd2 f6 36. Nc4
Nb7 37. Kf3 Ng5+ 38. Kg2 Ke7 39. Ne1 Ne4 40. Nf3 g5 41. Ne1
Ned6 42. Nxd6 Nxd6 43. a4 Nc4 44. Nd3 Nb6 45. Nc5 Kd6 46. Nb7+
Kd5 47. Nxa5 Nxa4 48. Nc6 Kc5 49. Ne7 Nc3 50. Ng8 Ne4 51. f3
Nc3 52. Nxf6 Kxb5 53. Nh7 Nd1 54. e4 Kc4 55. Nxg5 Kd3 56. Ne6
Ne3+ 57. Kf2 Nd1+ 58. Ke1 Nb2 59. g5 Nc4 60. g6 Ke3 61. g7 1-0

[Event "World Blitz Championship"]
[Site "Doha QAT"]
[Date "2016.12.29"]
[EventDate "2016.12.29"]
[Round "3.7"]
[Result "1/2-1/2"]
[White "Viswanathan Anand"]
[Black "Vidit Santosh Gujrathi"]
[WhiteElo "2779"]
[BlackElo "2689"]
[PlyCount "105"]

1. e4 c6 2. d4 d5 3. e5 Bf5 4. h4 h5 5. Bd3 Bxd3 6. Qxd3 Qa5+
7. c3 e6 8. Ne2 Qa6 9. Qf3 c5 10. O-O Nc6 11. Rd1 Nge7 12. Ng3
g6 13. Na3 Nf5 14. Nxf5 gxf5 15. Nc2 Be7 16. g3 O-O-O 17. Ne1
Rdg8 18. Ng2 Rg4 19. Bf4 Kb8 20. Kh2 Rg6 21. a3 cxd4 22. cxd4
Qb6 23. Qc3 Na5 24. Rac1 Rgg8 25. Ne3 Rc8 26. Qd2 Rxc1
27. Qxc1 Rc8 28. Qd2 Qb5 29. b4 Nc6 30. Ng2 a5 31. Bg5 axb4
32. Bxe7 Nxe7 33. axb4 Ng6 34. Ne3 f4 35. Ng2 f3 36. Ne1 Qe2
37. Qxe2 fxe2 38. Rd2 Rc4 39. Kg2 Ne7 40. Nf3 Nf5 41. Rxe2
Nxd4 42. Nxd4 Rxd4 43. Re3 Rxb4 44. Rf3 Rc4 45. Rxf7 b5
46. Rf6 Rc6 47. g4 hxg4 48. h5 Kb7 49. h6 Rc7 50. Kg3 b4
51. Rf4 Rh7 52. Rxb4+ Kc6 53. Kxg4 1/2-1/2

[Event "World Blitz Championship"]
[Site "Doha QAT"]
[Date "2016.12.29"]
[EventDate "2016.12.29"]
[Round "5.11"]
[Result "1-0"]
[White "Baadur Aleksandrovich Jobava"]
[Black "Vidit Santosh Gujrathi"]
[WhiteElo "2702"]
[BlackElo "2689"]
[PlyCount "99"]

1. d4 Nf6 2. Nc3 d5 3. Bf4 e6 4. Nb5 Na6 5. e3 Be7 6. a3 O-O
7. Nf3 c6 8. Nc3 Nc7 9. Ne5 Nd7 10. Bd3 Ne8 11. h4 c5 12. Qf3
c4 13. Be2 a6 14. Qg3 Kh8 15. e4 Ndf6 16. O-O-O Nd6 17. exd5
exd5 18. Bf3 Be6 19. h5 h6 20. Rhe1 Rc8 21. Ng6+ fxg6 22. Rxe6
Nxh5 23. Bxh5 Rxf4 24. Rxe7 Qxe7 25. Nxd5 Qg5 26. Qxg5 hxg5
27. Nxf4 gxh5 28. Nxh5 c3 29. bxc3 Rxc3 30. Kb2 Rc7 31. Ng3 b5
32. Rd3 Kg8 33. f3 Nc4+ 34. Kc1 Re7 35. Ne4 g4 36. d5 gxf3
37. gxf3 Ne5 38. Rc3 Rd7 39. Rc5 Nxf3 40. d6 Kh7 41. Kb2 Kh6
42. a4 g5 43. axb5 axb5 44. Rxb5 g4 45. Rd5 Kg6 46. c4 Kf7
47. c5 Rb7+ 48. Kc3 Ke6 49. Rh5 Ne5 50. c6 1-0

[Event "World Blitz Championship"]
[Site "Doha QAT"]
[Date "2016.12.29"]
[EventDate "2016.12.29"]
[Round "6.22"]
[Result "0-1"]
[White "Vidit Santosh Gujrathi"]
[Black "Marin Bosiocic"]
[WhiteElo "2689"]
[BlackElo "2591"]
[PlyCount "82"]

1. d4 d5 2. c4 e6 3. Nf3 c6 4. Nbd2 f5 5. g3 Nf6 6. Bg2 Bd6
7. O-O Nbd7 8. Ne1 O-O 9. Nd3 b6 10. b3 Bb7 11. Bb2 Qe7
12. Rc1 c5 13. e3 Ne4 14. Qe2 Ndf6 15. Nf3 Rad8 16. Nfe5 dxc4
17. Nxc4 Bb8 18. dxc5 bxc5 19. Rfd1 Ng4 20. f4 h5 21. Nde5
Bxe5 22. Nxe5 Nxe5 23. Bxe5 h4 24. g4 h3 25. Bxh3 Qh4 26. Bg2
fxg4 27. Qe1 Qh5 28. Rxd8 Rxd8 29. Rd1 Rxd1 30. Qxd1 Qh4
31. Qe2 Bd5 32. Bxe4 Bxe4 33. Qf2 Qh5 34. Bc3 Qf5 35. Qd2 Bd5
36. Kf2 Qe4 37. Qe2 Qg2+ 38. Ke1 Qg1+ 39. Kd2 Bf3 40. Qe1
Qxh2+ 41. Kc1 g3 0-1